Normal view MARC view
  • E. G. Anness

Entry Personal Name

Number of records used in: 1

001 - CONTROL NUMBER

  • control field: 107109

003 - CONTROL NUMBER IDENTIFIER

  • control field: NUST

005 - DATE AND TIME OF LATEST TRANSACTION

  • control field: 20230119135342.0

008 - FIXED-LENGTH DATA ELEMENTS

  • fixed length control field: 230119|| aca||aabn | a|a d

040 ## - CATALOGING SOURCE

  • Original cataloging agency: NUST
  • Transcribing agency: NUST

100 ## - HEADING--PERSONAL NAME

  • Personal name: E. G. Anness

670 ## - SOURCE DATA FOUND

  • Source citation: Work cat.: (NUST)185004: E. G. Anness, Industrial electrical plant manintance /, 1950
© 2023 Central Library, National University of Sciences and Technology. All Rights Reserved.